| 000 | 01273nam a2200229 a 4500 | ||
|---|---|---|---|
| 001 | BRCA_8318 | ||
| 005 | 20190320210226.0 | ||
| 008 | 250614m17801788enka###g##---#001-0#eng-# | ||
| 041 | _aeng | ||
| 044 | _aenk | ||
| 050 | 4 |
_aPZ1 _b.N6 1780 |
|
| 245 | 1 | 0 | _aThe Novelist´s Magazine |
| 260 |
_aLondres _bHarrison & Co. _c1780-1788 |
||
| 300 |
_a11 v. _bil. _c22 cm. |
||
| 500 | _aOnce volúmenes diferentes de una misma serie inventariados por el Banco de México como un sólo libro | ||
| 500 | _aEstado físico: los volúmenes 2, 3, 6 y 13 con tapas y lomo rotos sujetados por un lazo | ||
| 500 | _aR8 | ||
| 505 | 0 | _av.2 Solyman and Almena and other stories (1780).-- v.3 The tales of the Genii and Tom Jones (1781).-- v.4 Gil Blas and Robinson Crusoe (1781).-- v.6 Peregrine Pickle and Marmontel´s tales (1782).-- v.7 The fortunate Country Maid (1782).-- v.11 The fifth, sixth and seventh volumes of Sir Charles Grandison (1783).-- v.13 Betsy Thoughtlefs and the persian tales (1784).-- v.14 The first, second, third and fourth volumes of Clarissa (1784).-- v.16 Avellanedas Quixote (1784).-- v.18 The arabian nights enterteinments (1785).-- v.23 Rosselas, prince of Abissinia | |
| 650 | 1 | 4 |
_aCuentos juveniles _vAntologías _920773 |
| 902 | _aGFM | ||
| 942 |
_2lcc _cB |
||
| 999 |
_c7986 _d7986 |
||